Preverovanie a hodnotenie na FCHPT STU : Záverečná práca

Salvato in:
Dettagli Bibliografici
Autore principale: Makovíniová, Dana (Autore)
Altri autori: Tináková, Katarína, 1952- (xxx)
Natura: Manoscritto Libro
Lingua:slovacco
Pubblicazione: Trnava : STU v Bratislave MtF KIPP, 2002
Soggetti:
Tags: Aggiungi Tag
Nessun Tag, puoi essere il primo ad aggiungerne!!

MARC

LEADER 00000ntm a22000003a 4500
001 stu79247
005 20160719155016.3
008 030225s2002----xo------------------slo-d
040 |a STU  |b slo 
041 0 |a slo 
044 |a xo 
100 1 |a Makovíniová, Dana  |4 aut 
245 1 |a Preverovanie a hodnotenie na FCHPT STU :  |b Záverečná práca 
260 |a Trnava :  |b STU v Bratislave MtF KIPP,  |c 2002 
300 |a 50 s 
650 7 |a didaktické testy  |2 stusub 
650 7 |a technické predmety  |2 stusub 
650 7 |a inžinierska pedagogika  |2 stusub 
700 1 |a Tináková, Katarína,  |d 1952-  |4 xxx  |u M220  |U MTF Ústav inžinierskej pedagogiky a humatitných vied  |T MTF Katedra inžinierskej pedagogiky a psychológie  |X 4180  |U M220  |Y M220  |7 A000004180 
996 |b 284M061162  |c M*ZP-62  |l MMSKP  |s P  |a 0  |w stu79247_0001